Länder die auf Längengrad 20° W liegen - Statistiken

Allgemein
  • Dieses Quiz wurde 13 mal gespielt
  • Das Durchschnittsergebnis liegt bei 14 aus 17
Antwortstatistiken
Antwort % Korrekt
Russland
100%
Norwegen
90%
Schweden
90%
Libyen
80%
Namibia
80%
Polen
80%
Serbien
80%
Slowakei
80%
Südafrika
80%
Tschad
80%
Ungarn
80%
Zentralafrikanische Republik
80%
Albanien
70%
Angola
70%
Demokratische Republik Kongo
70%
Griechenland
70%
Montenegro
70%
Keine übereinstimmenden Quizze gefunden
Verteilung der Resultate
Anzahl Personen mit jedem Resultat
Perzentil nach korrekt beantworteten Fragen
Ihre Resultats-Entwicklung
Sie haben dieses Quiz noch nicht gespielt